Un Haitien parle / (Record no. 12676)
[ view plain ]
| 000 -CABECERA | |
|---|---|
| campo de control de longitud fija | 01490cam a2200241 a 4500 |
| 001 - NÚMERO DE CONTROL | |
| campo de control | 000013032 |
| 005 - FECHA Y HORA DE LA ÚLTIMA TRANSACCIÓN | |
| campo de control | 20200929163127.0 |
| 008 - DATOS DE LONGITUD FIJA--INFORMACIÓN GENERAL | |
| campo de control de longitud fija | 820910s1934 ht 001 0 fre |
| 040 ## - FUENTE DE LA CATALOGACIÓN | |
| Centro catalogador/agencia de origen | DO-SdBNP |
| Lengua de catalogación | spa |
| Centro/agencia transcriptor | LC |
| Centro/agencia modificador | BNPHU |
| 050 00 - SIGNATURA TOPOGRÁFICA DE LA BIBLIOTECA DEL CONGRESO | |
| Número de clasificación | F1926 |
| Número de documento/Ítem | .B415 |
| 082 ## - NÚMERO DE LA CLASIFICACIÓN DECIMAL DEWEY | |
| Número de clasificación | nn* |
| Número de documento/Ítem | B439h |
| 049 ## - FONDOS LOCALES (OCLC) | |
| Fondos de biblioteca | BNGR |
| 100 1# - ENTRADA PRINCIPAL--NOMBRE DE PERSONA | |
| Nombre de persona | Bellegarde, Dantés, |
| Fechas asociadas al nombre | 1877- |
| 9 (RLIN) | 30090 |
| 245 13 - MENCIÓN DE TÍTULO | |
| Título | Un Haitien parle / |
| Mención de responsabilidad, etc. | Dantés Bellegarde. |
| 260 ## - PUBLICACIÓN, DISTRIBUCIÓN, ETC. | |
| Lugar de publicación, distribución, etc. | Port-au-Prince : |
| Nombre del editor, distribuidor, etc. | Cheraquit, |
| Fecha de publicación, distribución, etc. | 1934. |
| 300 ## - DESCRIPCIÓN FÍSICA | |
| Extensión | 279, [1] p. ; |
| Dimensiones | 23 cm. |
| 505 0# - NOTA DE CONTENIDO CON FORMATO | |
| Nota de contenido con formato | Avant-propos -- Etudes et action sociales -- Haiti et France: relations morales et économiques -- Haiti et son peuple -- Un programme d'education nationale -- La réforme de l'enseignement secondaire -- Recrutement et rétribution des instituteurs -- La commune et l'ecole -- Organisation rurale et agricole -- Le probléme de la misere en Haiti -- Les habitations à bon marché -- Une politique de la production -- Une politique de l'exportation -- Le régime douanier d'Haiti -- Libération nationale et politique de paix intérieure -- Organisation de la paix: Amérique latine et Etats-Unis. -- Etats-Unis et Amérique latine a la S. D. N. -- L'Amérique et la crise mondiale -- Andrew Carnegie et la paix des peuples -- De Hoover a Roosevelt. -- Les noirs américains et nous. |
| 651 #0 - PUNTO DE ACCESO ADICIONAL DE MATERIA--NOMBRE GEOGRÁFICO | |
| Nombre geográfico | Haiti |
| Subdivisión general | Social Conditions. |
| 9 (RLIN) | 30091 |
| 650 #0 - PUNTO DE ACCESO ADICIONAL DE MATERIA--TÉRMINO DE MATERIA | |
| Término de materia o nombre geográfico como elemento de entrada | Education |
| Subdivisión geográfica | Haiti. |
| 9 (RLIN) | 30092 |
| 651 #0 - PUNTO DE ACCESO ADICIONAL DE MATERIA--NOMBRE GEOGRÁFICO | |
| Nombre geográfico | Haiti |
| Subdivisión general | Economic Conditions. |
| 9 (RLIN) | 30093 |
| 650 #0 - PUNTO DE ACCESO ADICIONAL DE MATERIA--TÉRMINO DE MATERIA | |
| Término de materia o nombre geográfico como elemento de entrada | Peace. |
| 9 (RLIN) | 29405 |
| 910 ## - DATOS DE OPCIÓN DEL USUARIO (OCLC) | |
| Datos de opción del usuario | Catalogación por copia / LC |
| Estado de retiro | Estado de pérdida | Restricciones de uso | No para préstamo | Código de colección | Localización permanente | Ubicación/localización actual | Ubicación en estantería | Fecha de adquisición | Número de inventario | Total de préstamos | Signatura topográfica completa | Código de barras | Fecha visto por última vez | Precio válido a partir de | Tipo de ítem Koha |
|---|---|---|---|---|---|---|---|---|---|---|---|---|---|---|---|
| Préstamo interno | Monografías: Libros y Folletos | General | General | En catalogación | 19.11.2009 | LF1 | nn* B439h | 13032-10 | 25.06.2020 | 25.06.2020 | Préstamo interno |
